000 01052nam a2200325Ia 4500
003 OSt
005 20220912144613.0
006 a|||||r|||| 00| 0
007 ta
008 220909b |||||||| |||| 00| 0 eng d
020 _a9781118838952 (hbk)
020 _aSL01562578
024 _a192783
037 _b1450, 04/02/2015, Total Books India
037 _cTextbook
040 _aCSL
_beng
_cCSL
041 _aeng
082 _aB33:1, Q4 TB
100 _aKreiss Heinz-Otto; ORtiz Omar Eduardo
245 0 _aIntroduction to numerical methods for time dependent defferentral equations
260 _aNew Jersey
_b John Wiley
_c2014
300 _axiii, 176p. ill.
500 _aReferences 173-174p.; Index 175-176p.
650 _a Differential equation
650 _a Scalar eductions
650 _aImplicit euler methods
700 _aKreiss Heinz-Otto; ORtiz Omar Eduardo
942 _hB33:1, Q4 TB
_cTB
_2CC
999 _c13326
_d13326